01134 2200253 4500001002100000005001500021035002000036007000300056008004100059020002200100082001100122084001700133100002800150245010800178250000600286260004200292300002800334700003100362700003000393500006800423650002400491520034800515990001700863INLIS00000000000160820260430090207 a0010-1123000239ta260430 c 0 ind  a978-623-216-928-9 a612.87 a612.87 RUT s0 aRuth Owen ( Pengarang )1 aSaat Aku Mengecap :bAll about my body /cRuth Owen ; editor, Mark J. Sachner ; alih bahasa. Andi Wahyu a- aJakarta :bBhuana Ilmu populer,c2020 a22 :bilus. ;c24 cme-0 aMark J. Sachner ( Editor )0 aAndi Wahyu ( Penerjemah ) ajudul asli : My Body Inside dan Out - My Amazing Sense of Taste 4aOrgan Tubuh - Lidah aAda berbagai jenis rasa dalam makanan dan minuman di sekitar kita. Bagaimana kita bisa membedakannya? Apa yang membantu kita untuk dapat merasakan makanan dan minuman? Pertanyaan-pertanyaan ini akan dijawab secara singkat dan jelas di dalam buku All About My Body: Saat Aku Mengecap. Yuk, cari tahu fakta-fakta menarik lainnya tentang tubuhmu! a00168/K/2022